| 000 | 00870nam a2200205Ia 4500 | ||
|---|---|---|---|
| 001 | 10479 | ||
| 003 | GE_BSU | ||
| 008 | 181216s||||||||xx |||||||||||||| ||und|| | ||
| 040 | _cGE_BSU | ||
| 080 | _a821.353.1-3+821.353.1-32 | ||
| 245 | _aქართული პროზა წ.21:ნიკო ლორთქიფანიძე | ||
| 245 | _cშემდგ.გ.გვერდწითელი. რ.თვარაძე.სარედ. კოლ.გრ.აბაშიძე და სხვ.რედ.ნუკრი აბესაძე.მხატვ.დავით დუნდუა | ||
| 260 | _aთბილისი | ||
| 260 | _bსაქართველო | ||
| 260 | _c1994 | ||
| 300 | _a606გვ.20სმ. | ||
| 653 | _aნიკო ლორთქიფანიძე | ||
| 653 | _aქართული პროზა | ||
| 942 | _cBK | ||
| 999 |
_c43734 _d43734 |
||